书目信息 |
| 题名: |
论红楼梦的政治历史意义
|
|
| 作者: | 佟雪 著 | |
| 分册: | ||
| 出版信息: | 南昌 江西人民出版社 1976 |
|
| 页数: | 203页 | |
| 开本: | 19cm | |
| 丛书名: | ||
| 单 册: | ||
| 中图分类: | I207.411 , I207.4 | |
| 科图分类: | ||
| 主题词: | ||
| 电子资源: | ||
| ISBN: | ||
| 000 | 00612nam0 2200229 450 | |
| 001 | 1550832504 | |
| 005 | 20150129140743.34 | |
| 010 | @dCNY0.42 | |
| 091 | @a10110.38 | |
| 100 | @a19950927d1976 em y0chiy0110 ea | |
| 101 | 0 | @achi |
| 102 | @aCN@b360000 | |
| 105 | @ay r 000zy | |
| 200 | 1 | @a论红楼梦的政治历史意义@9lun hong lou meng de zheng zhi li shi yi yi@f佟雪著 |
| 210 | @a南昌@c江西人民出版社@d1976 | |
| 215 | @a203页@d19cm | |
| 605 | @a红楼梦-文学评论 | |
| 690 | @aI207.411@v5 | |
| 690 | @aI207.4@v4 | |
| 701 | 0 | @a佟雪@9tong xue@4著 |
| 801 | 0 | @aCN@bTSSF@c20150129 |
| 905 | @aZUCC@dI207.4@eJY10 | |
| 论红楼梦的政治历史意义/佟雪著.-南昌:江西人民出版社,1976 |
| 203页;19cm |
| ISBN :CNY0.42 |
| ● |
| 相关链接 |
|
|
|
|
正题名:论红楼梦的政治历史意义
索取号:I207.4/JY10
 
预约/预借
| 序号 | 登录号 | 条形码 | 馆藏地/架位号 | 状态 | 备注 |
| 1 | 7838462 | 278384623 | 学院路分馆/ [索取号:I207.4/JY10] | 在馆 |